| 000 | 00780nam a2200205 a 4500 | ||
|---|---|---|---|
| 008 | 120416s2004 ||||||||||||||||| || u | ||
| 020 | _a0131406604 | ||
| 050 | _aQA 76.9.C66 Com | ||
| 100 | _aGeorge, Joey F | ||
| 245 | 1 | 0 |
_aComputers in society _cedited by Joey F. George |
| 246 | _aprivacy, ethics and the internet | ||
| 260 |
_aUpper Saddle River, NJ _bPearson/Prentice-Hall _c2004 |
||
| 300 | _axii, 482p. : ill. | ||
| 350 | _a0.00 | ||
| 500 | _aBibliography. | ||
| 650 | _aCOMPUTERS--MORAL AND ETHICAL ASPECTS | ||
| 650 | _aCOMPUTERS--SOCIAL ASPECTS | ||
| 650 | _aCOMPUTERS ABD CIVILIZATION | ||
| 995 |
_D0.00 _FCBU-MAIN LIBRARY (Kitwe) _H1 _I27.95 _M1 _UAVAILABLE _WNov 14, 2006 _ZAnnex Low-Usage Collection |
||
| 999 |
_c38306 _d38306 |
||